Представление документа в формате MARC21

Поле Инд. ПП Название Значение
Тип записи a
Библиографический уровень m
001 Контрольный номер 75ffdc24-ac3a-4102-95ec-a250b6e2d2ff
005 Дата корректировки 20140703123128.6
008 Кодируемые данные 031203
020 a ISBN 5-9221-0300-8
c Цена, тираж 175.00
040 a Служба первич. каталог. НБ ТвГУ
041 a Код языка текста rus
080 a Индекс УДК 517.37(075.8)
a Индекс УДК 517.44(075.8)
084 a Индекс другой классификации/Индекс ББК В161.12я73-1
a Индекс другой классификации/Индекс ББК В161.2я73-1
a Индекс другой классификации/Индекс ББК В161.3я73-1
a Индекс другой классификации/Индекс ББК В161.542я73-1
090 a Полочн. индекс В161.1
x Авторский знак Б90
100 1_ a Автор Будак Борис Михайлович
245 10 a Заглавие Кратные интегралы и ряды
b Продолж. заглавия Учеб. для студентов физ. и физ.-мат. фак. ун-тов
c Ответственность Б. М. Будак, С. В. Фомин
250 a Основные сведения об издании 3-е изд.
260 0_ a Место издания Москва
b Издательство Физматлит
c Дата издания 2002
300 a Объем 511 с.
b Иллюстрации/ тип воспроизводства ил.
440 a Серия Курс высшей математики и математической физики
490 _0 v N тома Вып. 2
504 a Библиография Библиогр.: с.506.
a Библиография Предм. указ.: с.507-511.
583 a Действие Получение впервые 312 02.12.2003
k Исполнитель действия Акт передачи
583 a Действие Приписка 51 14.03.2008
k Исполнитель действия ООО "Физматлит"
650 a Основная рубрика Кратные интегралы
x Основная подрубрика Учебники для вузов
650 a Основная рубрика Интегралы
650 a Основная рубрика Ряды (мат.)
650 a Основная рубрика Интегрирование
650 a Основная рубрика Интегральное исчисление
650 a Основная рубрика Интегральные преобразования
650 a Основная рубрика Фурье ряды
653 a Ключевые слова Интегралы
a Ключевые слова Интегральное исчисление
a Ключевые слова Интегральные преобразования
a Ключевые слова Интегрирование
a Ключевые слова Кратные интегралы
a Ключевые слова Ряды (мат.)
a Ключевые слова Ряды Фурье
a Ключевые слова Тригонометрические ряды
700 1_ a Другие авторы Фомин Сергей Васильевич
e Роль лиц авт.
700 1_ a Другие авторы Тихонов А. Н.
e Роль лиц ред. сер.
700 1_ a Другие авторы Ильин В. А.
e Роль лиц ред. сер.
700 1_ a Другие авторы Свешников А. Г.
e Роль лиц ред. сер.
852 t Порядковый номер экземпляра 7
p Инвентарный номер 772725
p Инвентарный номер 772726
p Инвентарный номер 903606 228.80
p Инвентарный номер 903607 228.80
p Инвентарный номер 903608 228.80
p Инвентарный номер 903609 228.80
p Инвентарный номер 903610 228.80
863 t 00219652
863 t 00219653
863 t 00219654
863 t 00219655
863 t 00219656
888 a За счет средств "ИнноЦентра"
a За счет средств университета
930 a Новая/Ретро учебники
952 p 312.2003 175.00 1 772725
p 312.2003 175.00 1 772726
p 51.2008 228.80 1 903606
p 51.2008 228.80 1 903607
p 51.2008 228.80 1 903608
p 51.2008 228.80 1 903609
p 51.2008 228.80 1 903610
c Вид литературы К ру
954 a Дата поступления на обработку 20031208
999 a Подразделение 2 Фил3